000 01173cam a2200301 a 4500
001 000005758
005 20200929151755.0
008 811208s1975 uy b f001 0 spa
040 _aDO-SdBNP
_cDLC
_dDLC
082 _a989.504
_bI38
245 0 3 _aLa Independencia nacional /
_cFrancisco Bauza ... [et al.].
260 _aMontevideo, Uruguay :
_bMinisterio de Educación y Cultura,
_c1975.
300 _av. ;
_c19 cm.
490 1 _aBiblioteca Artigas.
490 1 _aClásicos uruguayos
_v145
504 _aIncluye referencias bibliográficas
651 4 _aUruguay
_xHistoria
_y1811-1830
_916299
651 4 _aUruguay
_xHistoria
_xIndependencia
_y1810-1828
_916294
700 1 _aBauza, Francisco,
_d1849-1899.
_916267
700 1 _aRamírez, José P.
_q(Pedro José Ramírez Codina),
_d1952-
_916300
700 1 _aVedia, Agustín de,
_d1843-1910.
_916301
700 1 _aEspalter, José,
_d1868-1940.
_916302
700 1 _aGallinal, Gustavo,
_d1889-1951.
_916303
700 1 _aSan Martín, Juan Zorrilla de,
_b1855-1931.
_916304
700 1 _aFerreiro, Felipe.
_916305
830 0 _aBiblioteca Artigas.
_pClásicos uruguayos ;
_v145
_916276
910 _aCatalogación por copia / LC
999 _c5554
_d5554